Score 0/20 Timer 05:00
0 Plays Today
% Correct
Gandhi
96.7%
The Jungle Book
86.6%
Schindler's List
74.5%
The Dictator
72.7%
Shutter Island
67.9%
Iron Man 3
53.7%
Oliver Twist
44%
Night at the Museum: Secret of the Tomb
44%
Sexy Beast
39.2%
Prince of Persia: The Sands of Time
35.3%
% Correct
Bugsy
34.4%
Ender's Game
33.9%
The Love Guru
32.6%
House of Sand and Fog
28.4%
Exodus: Gods and Kings
24.9%
Hugo
24.7%
Lucky Number Slevin
21.2%
Death and the Maiden
11%
Tuck Everlasting
10.6%
Twelfth Night
4.9%
Remove Ads.
Support Sporcle.
Get the best of Sporcle when you Go Orange. This ad-free experience offers more features, more stats, and more fun while also helping to support Sporcle. Thank you for becoming a member.

You're not logged in!

Compare scores with friends on all Sporcle quizzes.
OR
Log In

Sporcle TV

Today on Sporcle TV


Watch our educational content, quiz creation guides, and fun videos on Sporcle TV.

Show Comments

Extras

Top Quizzes Today


Score Distribution

Paid Content

Your Account Isn't Verified!

In order to create a playlist on Sporcle, you need to verify the email address you used during registration. Go to your Sporcle Settings to finish the process.

Report this User

Report this user for behavior that violates our Community Guidelines.

Details: